00400nam a2200133 a 450000500170000000800410001702000180005805000230007610000220009924500410012126000470016230000340020965000230024320140310183546.0110928s19uu xx 00 eng d a9780340983300 aQD 415b.H772 2009 aHoneybourne, John aOCR PE for GCSE /cJohn Honeybourne. aUnited Kingdom :bHodder Education,c2009. a172 p. :bcol. ill. ;c28 cm. aPhysical education